000 00505nam a2200205Ia 4500
008 180523s9999 xx 000 0 und d
020 _a81-7648-641-8
050 _aMAIN HD 31
050 _b.R43 2004
100 _aReddy, Jayaprakash R.
245 0 _aBusiness environment /
245 0 _cJayaprakash R. Reddy.
260 _aNew Delhi :
260 _bAPH Publishing,
260 _c2004
300 _a145 pages :
300 _c22 cm.
650 _aIndustrial management.
650 _xBusiness.
999 _c356862
_d356862